|
|
|
|
| LEADER |
00000nab a2200000 a 4500 |
| 001 |
vtls000412080 |
| 003 |
SK-MaSNL |
| 005 |
20260515034605.0 |
| 008 |
120925c1988 xo 0 slo |
| 015 |
|
|
|a SNBRA19rr/mm-uuuuu
|
| 035 |
|
|
|a CL0412205
|
| 040 |
|
|
|a SNKBUCL
|b slo
|c SNKBUCL
|e AACR2
|
| 041 |
0 |
|
|a slo
|
| 044 |
|
|
|a xo
|c SK
|
| 080 |
|
|
|a 517.58:517.52
|2 1981
|
| 080 |
|
|
|a 517.52
|2 1981
|
| 100 |
1 |
|
|a Púchovský, František,
|d 1921-1996
|4 aut
|9 187417
|
| 245 |
1 |
0 |
|a O istej triede Koronsových polynómov
|c F. Púchovský, O. Šedivý
|
| 300 |
|
|
|b Res. slov., angl., lit. 3 zázn. v slov., češ., ruš.
|
| 650 |
0 |
7 |
|a Koronsove polynómy
|2 snkbucl
|9 1294127
|
| 650 |
0 |
7 |
|a Fourinove rady
|2 snkbucl
|9 1294128
|
| 650 |
0 |
7 |
|a ekvikonvergencie
|2 snkbucl
|9 1294129
|
| 650 |
0 |
7 |
|a diferenciálne rovnice
|2 snkbucl
|9 63334
|
| 655 |
|
7 |
|a články zo zborníkov
|2 snkbucl
|9 166140
|
| 700 |
1 |
|
|a Šedivý, Ondrej,
|d 1935-2024
|4 aut
|9 215415
|
| 773 |
0 |
|
|t Zborník Pedagogickej fakulty v Nitre. 4. Matematika
|d Nitra : Pedagogická fakulta, 1988
|g S. 13-21
|
| 850 |
|
|
|a Slovenská národná knižnica v Martine
|a MTA001
|
| 852 |
|
|
|a SNK
|b KIS3GCP
|
| 958 |
|
|
|a RK
|
| 992 |
|
|
|a RZB
|
| 999 |
|
|
|c 2575230
|d 2577160
|